| 000 | 01364nam a22003257i 4500 | ||
|---|---|---|---|
| 001 | IT\ICCU\LO1\0311830 | ||
| 003 | ItRI | ||
| 005 | 20260115232337.0 | ||
| 008 | 930827s1933 it |||||| ||||| |||||c | ||
| 015 |
_2IT _a1933 5426 |
||
| 024 | 7 | 0 |
_a97545 _2cubi |
| 040 |
_bita _cimportazione bologna sebina |
||
| 041 | 7 |
_aita _2ISO-639-2 |
|
| 082 |
_a851.07 _220 |
||
| 100 | 1 |
_aBracciolini, Poggio _0IT\ICCU\CFIV\004337 _4aut |
|
| 240 | 1 | 0 |
_aFacetiae . _3IT\ICCU\SBL\0620774 _9Bracciolini, Poggio |
| 245 | 1 | 0 |
_aFacezie / _cdi Bracciolini (Poggio Fiorentino). |
| 260 |
_aMilano : _bCorbaccio, _cstampa 1933 |
||
| 300 |
_a230 p. ; _c18 cm. |
||
| 790 | 1 |
_aBracciolini Poggio, Gian Francesco _3IT\ICCU\BVEV\133612 _zBracciolini, Poggio |
|
| 790 | 1 |
_aBraččolini, Podžo _3IT\ICCU\BVEV\192305 _zBracciolini, Poggio |
|
| 790 | 1 |
_aBracciolini, Poggio Francesco _3IT\ICCU\CFIV\145114 _zBracciolini, Poggio |
|
| 790 | 0 |
_aPogius : Florentinus _3IT\ICCU\SBNV\009537 _zBracciolini, Poggio |
|
| 790 | 0 |
_aPoggio : Fiorentino _3IT\ICCU\SBNV\009538 _zBracciolini, Poggio |
|
| 790 | 1 |
_aBracciolini, Francesco Poggio _3IT\ICCU\VEAV\035083 _zBracciolini, Poggio |
|
| 790 | 1 |
_aPoggio Bracciolini, Francesco _3IT\ICCU\VEAV\035084 _zBracciolini, Poggio |
|
| 830 | 2 |
_aI corvi. Sezione avorio ; _v2 _0IT\ICCU\CFI\0064232 |
|
| 830 | 2 |
_aI corvi ; _v5 _0IT\ICCU\RAV\0191513 |
|
| 942 |
_2ddc _cBK _n0 |
||
| 999 |
_c20871 _d20871 |
||